00409nam a2200181Ia 4500003000900000008004100009040001300050040001300063041000800076100002200084245002500106250001800131260001300149260000900162300001000171490000600181600004000187IT-RoPAU120407s9999 xx 000 0 und d aIT-RoPAU cIT-RoPAU aita aValerio Marinelli aNatuzza di Paravati. aVibo Valentia aMapograf c1983 c24 cm v1 a"v. 1° : p. 334. v. 2° : p. 455."